Geography Generator Puzzle #17 - Statistics

General Stats
  • This quiz has been taken 806 times
  • The average score is 10 of 21
Answer Stats
Hint Answer % Correct
Stadium, coliseum, eg. Arena
87%
Aircraft house Hangar
79%
Arctic, or Southern, eg. Ocean
73%
Nevada casino city Reno
69%
Lightweight, narrow boat Canoe
63%
African country Ghana
63%
Californian county Orange
58%
Chile's southern Cape Horn
51%
Norway, to a Norwegian Norge
51%
Large US livestock farm Ranch
51%
Washington's airport Reagan
51%
The Hindu Kush is one Range
45%
Indian Golden Triangle city Agra
44%
Capital city of Liguria, Italy Genoa
41%
River through Lake Geneva Rhône
41%
1 chain by 1 furlong Acre
36%
Ancient Greek gathering place Agora
34%
9-Letter Location ANCHORAGE
34%
Steep, rugged mass of rock Crag
28%
Westernmost German city Aachen
18%
NE Spanish region Aragon
17%
No matching quizzes found
Score Distribution
Percent of People with Each Score
Percentile by Number Answered
Your Score History
You have not taken this quiz